|
|
|
|
| LEADER |
02879nam a2200589 i 4500 |
| 001 |
nkc20243609509 |
| 003 |
CZ PrNK |
| 005 |
20240717084215.0 |
| 007 |
ta |
| 008 |
240605s2019 xr d 000 f cze |
| 015 |
|
|
|a cnb003609509
|
| 020 |
|
|
|a 978-80-276-1092-1
|q (brožováno) :
|c Kč 449,00
|
| 035 |
|
|
|a (OCoLC)1445419098
|
| 040 |
|
|
|a ABG001
|b cze
|d OLA001
|e rda
|
| 041 |
1 |
|
|a cze
|h eng
|
| 072 |
|
7 |
|a 821.111(73)-3
|x Americká próza
|2 Konspekt
|9 25
|
| 072 |
|
7 |
|a 821-93
|x Literatura pro děti a mládež (beletrie)
|2 Konspekt
|9 26
|
| 080 |
|
|
|a 821.111(73)-31
|2 MRF
|
| 080 |
|
|
|a 821-93-053.67
|2 MRF
|
| 080 |
|
|
|a 821-93
|2 MRF
|
| 080 |
|
|
|a (0:82-312.9)
|2 MRF
|
| 100 |
1 |
|
|a Clare, Cassandra,
|d 1973-
|7 xx0104005
|4 aut
|
| 240 |
1 |
0 |
|a City of lost souls.
|l Česky
|
| 245 |
1 |
0 |
|a Nástroje smrti.
|n 5,
|p Město ztracených duší /
|c Cassandra Clare ; z anglického originálu City of lost souls (The mortal instruments) ... přeložila Eva Maršíková
|
| 246 |
3 |
0 |
|a Město ztracených duší
|
| 250 |
|
|
|a [Třetí vydání ve Slovartu]
|
| 264 |
|
1 |
|a V Praze :
|b Slovart, s.r.o.,
|c 2019
|
| 300 |
|
|
|a 459 stran ;
|c 21 cm
|
| 336 |
|
|
|a text
|b txt
|2 rdacontent
|
| 337 |
|
|
|a bez média
|b n
|2 rdamedia
|
| 338 |
|
|
|a svazek
|b nc
|2 rdacarrier
|
| 490 |
1 |
|
|a #Booklab
|
| 520 |
2 |
|
|a Na původně třídílnou temnou fantasy navázala autorka dalšími díly. Mír po válce mezi podsvětím a lovci stínů je křehký a ani v Claryině nejbližším okolí nezůstane všechno tak idylické, jak se dívka domnívala.
|b I když se zdálo, že po válce by mohlo konečně nastat období klidu, opak je pravdou. Lovci stínů začali být vražděni a tak znovu došlo k vytvoření velkého napětí. Ani vztah Clary a Jace není bez mráčku. Jace se Sebastiánem jsou díky předchozím událostem spojeni nerozlučným poutem. Clara je rozhodnutá milovaného Jace za každou cenu zachránit, a proto vsadí na nebezpečnou hru, ve které se zdánlivě přidává na temnou stranu. Úvodní díl série se již dočkal filmového zpracování.
|
| 521 |
8 |
|
|a Pro čtenáře od 15 let
|
| 655 |
|
7 |
|a americké romány
|7 fd131796
|2 czenas
|
| 655 |
|
7 |
|a fantasy romány
|7 fd184199
|2 czenas
|
| 655 |
|
7 |
|a literatura young adult
|7 fd1185572
|2 czenas
|
| 655 |
|
7 |
|a publikace pro mládež
|7 fd133157
|2 czenas
|
| 655 |
|
9 |
|a American fiction
|2 eczenas
|
| 655 |
|
9 |
|a fantasy novels
|2 eczenas
|
| 655 |
|
9 |
|a young adult literature
|2 eczenas
|
| 655 |
|
9 |
|a juvenile literature
|2 eczenas
|
| 700 |
1 |
|
|a Maršíková, Eva,
|d 1982-
|7 xx0105408
|4 trl
|
| 765 |
1 |
|
|t Mortal instruments
|9 Česky
|
| 787 |
0 |
8 |
|i Z cyklu:
|t Nástroje smrti
|g 5
|
| 830 |
|
0 |
|a Booklab
|0 s
|
| 910 |
2 |
|
|a BOA001
|b 2-1526.404,5
|
| 920 |
|
|
|a 4991057
|z ABG001
|
| 990 |
|
|
|a BK
|
| 995 |
|
|
|a 01
|
| 991 |
|
|
|b 202406
|c NOV
|
| 996 |
6 |
|
|b 2610971807
|c 2-1526.404,5
|l MZK
|r Sklad / do 1 hodiny
|n 0
|p p.v.
|w 001967364
|u 000010
|a 1
|e BOA001
|j MZK50
|s P
|